00342pab a2200121 454500008004000000100001700040245008500057260000900142300001300151362001200164650002300176773002100199180718b2009 xxu||||| |||| 00| 0 eng d aBhatti, Anil aCulture, diversity and similarity: a reflection on heterogeneity and homogeneity c2009 ap.33-49. aJul-Aug aClutural pluralism aSocial Scientist